| 000 | 00563nam a22001697a 4500 | ||
|---|---|---|---|
| 005 | 20251108164923.0 | ||
| 008 | 250721s1996 xx 000 0 ara d | ||
| 082 | 1 | 4 | _a657.8/يوس |
| 100 | 1 | _aسعادة، يوسف | |
| 245 | 1 | 0 | _aمحاسبة شركات الأموال في ظل قانون الشركات الأردني / |
| 264 | 1 |
_aعمان : _bالجامعة الأردنية - عماد البحث العلمي، _c1996. |
|
| 300 | _a333ص. | ||
| 650 | 1 | 7 | _aالمحاسبة |
| 650 | 1 | 7 | _aمحاسبة الشركات |
| 942 |
_2ddc _cBK |
||
| 999 |
_c17466 _d17466 |
||